Τέχνη, γλώσσα και εξουσία : εννιά <<επίκαιρα>> σχόλια γύρω σε τρία ατέρμονα θέματα

Saved in:
Bibliographic Details
Main Author: Πλωρίτης, Μάριος, 1919-2006
Format: Book
Language:Greek
Published: Αθήνα : Καστανιώτης, 1990
Edition:3η εκδ.
Series:Σκέψη, χρόνος, και δημιουργοί
Subjects:
Tags: Add Tag
No Tags, Be the first to tag this record!

MARC

LEADER 00000cam a2200000 i 4500
001 1/82078
008 970305s1990 gr | ||| |||| ||gre||
020 |a 960030078X 
035 |a 1992  |b 1  |c Δωρεά  |l 10033852 
040 |a GR-MY-UA  |b gre  |e aacr 
041 0 |a gre 
082 0 |a 889.4 
100 1 |a Πλωρίτης, Μάριος,   |d 1919-2006. 
245 1 0 |a Τέχνη, γλώσσα και εξουσία :  |b εννιά <<επίκαιρα>> σχόλια γύρω σε τρία ατέρμονα θέματα /  |c Μάριος Πλωρίτης 
250 |a 3η εκδ. 
260 |a Αθήνα :   |b Καστανιώτης,   |c 1990 
300 |a 88 σ. 
490 1 |a Σκέψη, χρόνος και δημιουργοί 
650 0 0 |a Greek essays, Modern. 
830 0 |a Σκέψη, χρόνος, και δημιουργοί 
852 |a INST  |b RHODES  |e 19970305  |h 889.4 ΠΛΩ  |p 005400000092  |q 005400000092  |t BK  |y 0 
852 |a INST  |b RHODES  |e 19970305  |h 889.4 ΠΛΩ  |p 005400000093  |q 005400000093  |t BK  |y 0 
909 |a Ρ  |b 022105  |c 1992 
909 |a Ρ  |b 022106  |c 1992